Macroeconomics

Salvato in:
Dettagli Bibliografici
Autore principale: Mankiw, N. Gregory
Altri autori: Taylor, Mark P.
Natura: Libro
Lingua:inglese
Pubblicazione: Hampshire South-Western Cengage Learning 2011
Edizione:2nd ed.
Soggetti:
Tags: Aggiungi Tag
Nessun Tag, puoi essere il primo ad aggiungerne!!

MARC

LEADER 00000nam a2200000 4500
001 0135415
005 20240226124623.9
020 |a 978-1-4080-4392-9 
020 |a 1-4080-4392-0 
041 0 |a eng 
044 |a GB 
245 1 0 |a Macroeconomics  |c N. Gregory Mankiw and Mark P. Taylor 
250 |a 2nd ed. 
264 1 |a Hampshire  |b South-Western Cengage Learning  |c 2011 
300 |a xx, 505 s.  |e 1 príl. 
610 2 0 |a makroekonomika 
610 2 0 |a veda ekonomická 
610 2 0 |a ponuka 
610 2 0 |a dopyt 
610 2 0 |a trh 
610 2 0 |a produkcia 
610 2 0 |a rast hospodársky 
610 2 0 |a úspory 
610 2 0 |a investície 
610 2 0 |a financie 
610 2 0 |a nezamestnanosť 
610 2 0 |a politika menová 
610 2 0 |a inflácia 
610 2 0 |a hospodárstvo otvorené 
610 2 0 |a financie medzinárodné 
610 2 0 |a kríza finančná 
610 2 0 |a Európska menová únia 
100 1 |a Mankiw, N. Gregory 
700 1 |a Taylor, Mark P.